000 00633nam a2200181Ia 4500
008 100920s9999 xx 000 0 und d
082 _b60820
_a61 थ 83
100 _aगोखले अविनाश.
245 _aबाळाचे आरोग्य.
260 _bमेहता पब्लिशिंग हाऊस,पुणे-30.
_c1983
300 _a77
_bसाधी
365 _b15
520 _aस्थानिक वाचन.
630 _aबाळाचे आरोग्य.
650 _aस्थानिक वाचन.
730 _aबाळाचे आरोग्य.
942 _cBOOK
999 _c704070
_d704067